000 00452nam a2200181Ia 4500
001 14341
005 20260306164907.0
008 260306t1998||||xx |||||||||||||| ||spa||
041 _aESP
082 _a512.1
_bS98
100 _aSwokowski, Earl W.
_eAUT
245 0 _aÁlgebra y trigonometría con geometría analítica
260 _c1998
300 _axvi, 839 páginas :
_c24 cm.
650 _aGEN
654 _aCMA
942 _cLIB
_dJUS
_fJUS
_2ddc
_n
999 _c14341
_d14341